Największe kluby z każdego państwa Europy pod względem wygranych lig - Statystyki

Ogólne statystyki
  • Ten quiz został rozwiązany 84 razy
  • Średni wynik to 15 z 49
Statystyki odpowiedzi
Kraj Tytuły lig. Klub % Poprawnych
Polska 15 Legia Warszawa
91%
Hiszpania 35 Real Madryt
90%
Niemcy 33 Bayern Monachium
89%
Włochy 36 Juventus
87%
Francja 11 PSG
87%
Ukraina 16 Dynamo Kijów
81%
Anglia 20 Manchester United
80%
Holandia 36 AJAX
66%
Portugalia 38 Benfica
64%
Szkocja 55 Rangers
60%
Rosja 38 Spartak Moskwa
60%
Szwecja 23 Malmo
57%
Czechy 12 Sparta Praga
57%
Finlandia 33 HJK
54%
Turcja 23 Galatasaray
43%
Austria 69 Rapid Wiedeń
40%
Belgia 34 Anderlecht
39%
Norwegia 26 Rosenborg
36%
Bułgaria 31 CSKA Sofia
33%
Chorwacja 24 Dynamo Zagrzeb
33%
Kazachstan 7 Astana
31%
Cypr 28 APOEL
29%
Słowacja 13 Slovan Bratysława
27%
Liechtenstein 49 Vaduz
21%
Estonia 14 Flora Tallin
20%
Słowenia 16 Maribor
17%
Irlandia Płn. 56 Linfield
14%
Grecja 32 Olympiacos
14%
Azerbejdżan 10 Qarabag
14%
Islandia 27 KR
13%
Serbia 34 Red Star Belgrad
13%
Irlandia 21 Shamrock Rovers
11%
Węgry 31 Ferencvarosi
10%
Mołdawia 21 Sheriff Tiraspol
10%
Szwajcaria 27 Grasshopper
7%
Macedonia Płn. 11 Vardar Skopje
7%
Białoruś 15 BATE Borisov
6%
Gruzja 18 Dinamo Tbilisi
4%
Łotwa 15 Skonto Riga
3%
Bośnia IH 8 Zrinjski Mostar
3%
Luksemburg 28 Jeunesse
1%
Walia 14 New Saints
1%
Rumunia 26 Steaua Bucuresti
1%
Czarnogóra 6 FK Buducnost
0%
Albania 24 KF Tirana
0%
Dania 15 Kopenhaga Boldklub
0%
Litwa 6 Kovas Kaunas
0%
Armenia 15 Piunik Erywań
0%
Kosowo 11 Prishtina
0%
Nie znaleziono quizów pasujących do podanych kryteriów
Rozkład punktacji
Procent ludzi z każdym wynikiem
Percentyl według liczby udzielonych odpowiedzi
Twoja historia wyników
Nie rozwiązałeś tego quizu